00334 a2200109 4500001000700000020000600007040001100013100003600024240008000060245007500140362000900215166499 a  cMagnum aTrivinos, Augusto Nibaldo Silva10aIntroducao a pesquisa em ciencias sociais: a pesquisa qualitativa em..lpor10aIntroducao a pesquisa em ciencias sociais: a pesquisa qualitativa em..0 a1899